000 00532nam a2200181Ia 4500
001 19597
003 GE_BSU
008 181216s||||||||xx |||||||||||||| ||und||
040 _cGE_BSU
245 _aგადასახადები №4. 2016 (დამატება)
260 _c2016
300 _acd
653 _acd
653 _aგადასახადები №4. 2016 (დამატება)
653 _aდისკი
653 _aელექტრონული ჟურნალი
942 _cCF
999 _c52573
_d52573